<?xml version="1.0" encoding="UTF-8"?><marc:collection xmlns:marc="http://www.loc.gov/MARC21/slim">
  <marc:record>
    <marc:leader>00000nam##2200000za#4500</marc:leader>
    <marc:controlfield tag="001">9.646643</marc:controlfield>
    <marc:controlfield tag="003">CaOODSP</marc:controlfield>
    <marc:controlfield tag="005">20210615112544</marc:controlfield>
    <marc:controlfield tag="007">ta</marc:controlfield>
    <marc:controlfield tag="008">150407|1997||||xxc|||||     f|0| 0 eng|d</marc:controlfield>
    <marc:datafield tag="020" ind1=" " ind2=" ">
      <marc:subfield code="a">0-660-17082-5</marc:subfield>
    </marc:datafield>
    <marc:datafield tag="040" ind1=" " ind2=" ">
      <marc:subfield code="a">CaOODSP</marc:subfield>
      <marc:subfield code="b">eng</marc:subfield>
    </marc:datafield>
    <marc:datafield tag="043" ind1=" " ind2=" ">
      <marc:subfield code="a">n-cn---</marc:subfield>
    </marc:datafield>
    <marc:datafield tag="086" ind1="1" ind2=" ">
      <marc:subfield code="a">CP32-64/10-1997E</marc:subfield>
    </marc:datafield>
    <marc:datafield tag="110" ind1="1" ind2=" ">
      <marc:subfield code="a">Canada. </marc:subfield>
      <marc:subfield code="b">Commission of Inquiry into the Deployment of Canadian Forces to Somalia.</marc:subfield>
    </marc:datafield>
    <marc:datafield tag="245" ind1="1" ind2="4">
      <marc:subfield code="a">The Somalia experience in strategic perspective: implications for the military in a free and democratic society : </marc:subfield>
      <marc:subfield code="b">a study prepared for the Commission of Inquiry into the Deployment of Canadian Forces to Somalia / </marc:subfield>
      <marc:subfield code="c">by Berel Rodal. </marc:subfield>
    </marc:datafield>
    <marc:datafield tag="260" ind1=" " ind2=" ">
      <marc:subfield code="a">Ottawa - Ontario : </marc:subfield>
      <marc:subfield code="b">Commission of Inquiry into the Deployment of Canadian Forces to Somalia </marc:subfield>
      <marc:subfield code="c">1997.</marc:subfield>
    </marc:datafield>
    <marc:datafield tag="300" ind1=" " ind2=" ">
      <marc:subfield code="a">xii, 156p. : </marc:subfield>
      <marc:subfield code="b">references ; </marc:subfield>
      <marc:subfield code="c">23 cm.</marc:subfield>
    </marc:datafield>
    <marc:datafield tag="500" ind1=" " ind2=" ">
      <marc:subfield code="a">"Provides an overview of the developments in the international and domestic environment which affect the demands for and on the armed forces of Canada and other democracies, and the government's and the public's expectations of the armed forces, drawing the broad implications for governmental, defence and military policy."--Back cover.</marc:subfield>
    </marc:datafield>
    <marc:datafield tag="520" ind1="3" ind2=" ">
      <marc:subfield code="a">This study aims to establish the broader strategic framework for the Commission’s undertaking. It provides an overview of the developments in the international and domestic environment which affect the demands for and on the armed forces of Canada and other democracies, and the government’s and the public’s expectations of the armed forces, drawing the broad implications for governmental, defense and military policy. The author believes that the Somalia experience, including the reactions of Canadians, invites reflection on the new strategic environment, and on Canada’s purposes and options; on the dimension and significance for the armed forces of societal change, and of evolving concepts of rights and their ambit; and on the rationale and conditions for maintaining and employing armed forces on the cusp of the 21st century.</marc:subfield>
    </marc:datafield>
    <marc:datafield tag="563" ind1=" " ind2=" ">
      <marc:subfield code="a">Softcover</marc:subfield>
    </marc:datafield>
    <marc:datafield tag="590" ind1=" " ind2=" ">
      <marc:subfield code="a">97-31</marc:subfield>
      <marc:subfield code="b">1997-08-01</marc:subfield>
    </marc:datafield>
    <marc:datafield tag="690" ind1="0" ind2="7">
      <marc:subfield code="a">Armed forces</marc:subfield>
      <marc:subfield code="2">gcpds</marc:subfield>
    </marc:datafield>
    <marc:datafield tag="720" ind1="1" ind2=" ">
      <marc:subfield code="a">Rodal, Berel</marc:subfield>
    </marc:datafield>
    <marc:datafield tag="775" ind1="0" ind2="8">
      <marc:subfield code="t">L'expérience de la Somalie d'un point de vue stratégique: répercussions sur les forces militaires dans une société libre et démocratique : </marc:subfield>
      <marc:subfield code="w">(CaOODSP)9.680166</marc:subfield>
    </marc:datafield>
    <marc:datafield tag="776" ind1="0" ind2="#">
      <marc:subfield code="t">The Somalia experience in strategic perspective - implications for the military in a free and democratic society : </marc:subfield>
      <marc:subfield code="w">(CaOODSP)9.700408</marc:subfield>
    </marc:datafield>
  </marc:record>
</marc:collection>
